1773 1373 1698 1849 1520 1464 1446 1861 1749 1539 1054 1495 1640 1336 1032 1396 1355 1367 1434 1938 1710 1101 1787 1051 1489 1944 1976 1351 1356 1260 1934 1194 1425 1341 1777 1814 1681 1643 1876 1003 1285 1909 1387 1876 1947 1132 1792 1168 1888 1076 1790 1151 1805 1939 1489 1044 1891 1034 1212 1020 1046 1039 1479 1055 1718 1031 1022 1978 1977 1507 1859 1239 1505 1025 1182 1877 1199 1066 1123 1044 1254 1348 1258 1103 1242 1700 1162 1849 1211 1385 1921 1623 1177 1798 1812 1141 1919 1343 1816 BCNSPRNW ULIB Ver.6.0+V

เปลี่ยนเป็นภาษาไทย

Change to English
 แสดงรายละเอียดบรรณานุกรม
  กลับหน้าหลัก

Brief Record : Get Marc (ISO 2709) : E-mail record : QR code < ปิดหน้าต่าง
LEADER : 00000nam 2200000uu 4500
001    13399122128
003     ULIB
008    121228s2545||||th 000 0 tha d
020    ^a9789747074246
099    ^aนว.^bป496ส
100 0  ^aกิ่งฉัตร
245 00 ^aสืบลับรหัสรัก/^cกิ่งฉัตร
250    ^aพิมพ์ครั้งที่ 4
260    ^aกรุงเทพฯ :^bอรุณ,^c2545
300    ^a582 หน้า
945    ^p290^l0^i015937
995    ^aวิภา
999    ^aใช้งานได้ทุกระบบ
รายการนี้ยังไม่มีแท็ก
คุณยังไม่ได้ล็อกอิน คุณสามารถมีกิจกรรมร่วมกับเว็บไซต์ได้ แต่ต้องล็อกอินก่อน ::
  ล็อกอิน

รายการสื่อสารสนเทศ

ลำดับที่ ประเภท เลขเรียก/บาร์โค้ด สถานที่ สถานะ
1. นวนิยาย
นวนิยาย
นว. ป496ส  
  Barcode: 015937
ห้องสมุดวิทยาเขตสวรรค์ประชารักษ์
►นวนิยาย
บนชั้น
  ขอยืม

รายการใกล้เคียง
    ผู้แต่ง [กิ่งฉัตร]

BibComment


ยังไม่เคยถูกคอมเมนท์

คอมเมนท์ทรัพยากรรายการนี้
  คอมเมนท์: สืบลับรหัสรัก กิ..


 Copyright 2026. Bcnsprnw @Library